000 00640cam a2200193 a 4500
001 000006332
005 20200929153922.0
008 840814s1959 sp a 000 p spa d
040 _aDO-SdBNP
_bspa
_cBNPHU
082 _aPR861.4
_bJ64s, 1959
100 1 _aJoglar Cacho, Manuel,
_d1898-1994
_917609
245 1 0 _aSoliloquios de Lazaro /
_cM. Joglar Cacho.
250 _a2a ed.
260 _aSan Juan, Puerto Rico :
_bCampos,
_c1959.
300 _a76 p. :
_bil. ;
_c22 cm.
500 _aPremiado por el Instituto de Literatura Puertorriqueña.
650 4 _aPoesía puertorriqueña
_91015
650 4 _aLiteratura puertorriqueña
_ySIGLO XX
_95311
999 _c6127
_d6127